L'empire des chiffres : Sociologie de la quantification (notice n° 1925793)

détails MARC
000 -LEADER
fixed length control field 01672cam a2200145 4500500
005 - DATE AND TIME OF LATEST TRANSACTION
control field 20260329023241.0
041 ## - LANGUAGE CODE
Language code of text/sound track or separate title fre
042 ## - AUTHENTICATION CODE
Authentication code dc
100 10 - MAIN ENTRY--PERSONAL NAME
Personal name Beraud Martin, Olivier
Relator term author
245 00 - TITLE STATEMENT
Title L'empire des chiffres : Sociologie de la quantification
260 ## - PUBLICATION, DISTRIBUTION, ETC.
Name of publisher, distributor, etc. Armand Colin,<br/>
Date of publication, distribution, etc. 2020.<br/>
520 ## - SUMMARY, ETC.
Summary, etc. L’heure, la qualité d’un restaurant, la température, le taux de chômage, le QI, la durée d’un entraînement, la réussite d’un lycée, la richesse, une cote de popularité... Il semble impossible d’échapper aux chiffres ! Mais à quoi servent-ils exactement ? D’où viennent-ils ? Et pourquoi met-on le monde en chiffres ? Les chiffres régissent une bonne partie de nos vies : ils servent à coordonner nos actions, à établir des règles de vie commune et à trouver des conventions au sein des collectifs. Ils contribuent aux prises de décision et à l’exercice du pouvoir. Ils participent à nos quêtes de justice et d’harmonie, et à la construction de la confiance. Et ils prétendent aussi refléter la réalité de façon objective. La puissance des chiffres provient-elle de leur capacité à énoncer des certitudes, de notre soumission volontaire à des artifices utiles, de leur aptitude à fabriquer un monde et à nous l’imposer, ou des leviers qu’ils nous offrent pour s’entendre et agir ? À travers une analyse sociologique et historique de la quantification, Olivier Martin nous montre toute l’étendue de l’empire des chiffres dans nos sociétés.
700 10 - ADDED ENTRY--PERSONAL NAME
Personal name Martin, Olivier
Relator term author
856 41 - ELECTRONIC LOCATION AND ACCESS
Uniform Resource Identifier <a href="https://shs.cairn.info/l-empire-des-chiffres--9782200625719?lang=fr&redirect-ssocas=7080">https://shs.cairn.info/l-empire-des-chiffres--9782200625719?lang=fr&redirect-ssocas=7080</a>

Pas d'exemplaire disponible.

PLUDOC

PLUDOC est la plateforme unique et centralisée de gestion des bibliothèques physiques et numériques de Guinée administré par le CEDUST. Elle est la plus grande base de données de ressources documentaires pour les Étudiants, Enseignants chercheurs et Chercheurs de Guinée.

Adresse

627 919 101/664 919 101

25 boulevard du commerce
Kaloum, Conakry, Guinée

Réseaux sociaux

Powered by Netsen Group @ 2025